| 000 | 00531nam a2200157 4500 | ||
|---|---|---|---|
| 001 | 138435 | ||
| 003 | ES-MaACL | ||
| 007 | t| | ||
| 008 | 070214s1929 sp r ||||1| spa d | ||
| 100 | 0 |
_aSangrán y González, Joaquín de, _cMarqués de los Ríos _9103142 |
|
| 245 | 1 | 3 |
_aLa profecía del Apocalipsis y los tiempos actuales / _cJoaquín Sangrán y González, Marqués de los Ríos. |
| 260 |
_aMadrid : _bVoluntad, _c1929. |
||
| 300 |
_a226 p. ; _c19 x 13 cm. |
||
| 852 |
_aES-MaACL _jB-6271 |
||
| 999 |
_c138435 _d138435 |
||